| 000 | 00371 a2200145 4500 | ||
|---|---|---|---|
| 005 | 20250710093440.0 | ||
| 020 | _a978-9987-694-26-6 | ||
| 082 | _a332.1 SAT | ||
| 100 | _aSATTA, A. T | ||
| 245 | _aPrinciples of Banking | ||
| 250 | _a2nd Ed. | ||
| 260 |
_aDar es salaam _bThe Tanzania Institute of Bankers _c2012. |
||
| 300 |
_aiv, 327p _bAppendix _c24 cm |
||
| 942 |
_2ddc _cBKS |
||
| 999 |
_c6639 _d6639 |
||